Bu$hi-Parachute - Statistiques

Statistiques générales
  • Ce quiz a été pris 16 fois
  • Le résultat moyen est 139 sur 315
Statistiques - réponses
1 Paroles % Correct
6 | 11 | 56 | +3 others a
100%
3 | 45 | 96 | 104 j'ai
100%
31 | 119 | 187 | 262 je
100%
4 | 33 | 82 | +2 others la
100%
90 ma
100%
21 Anderson
80%
34 baleine
80%
5 coupe
80%
19 | 131 | 273 de
80%
14 | 190 dirait
80%
38 | 54 | 146 | 288 du
80%
123 | 128 | 143 | +4 others et
80%
35 impossible
80%
43 | 137 | 139 | +3 others le
80%
29 | 73 mais
80%
71 me
80%
37 m'harponne
80%
30 | 159 | 241 | 301 moi
80%
13 | 148 | 189 | +3 others on
80%
46 | 49 | 165 | +3 others pas
80%
7 | 61 personne
80%
191 que
80%
10 | 36 qu'on
80%
32 suis
80%
22 | 26 | 141 | +4 others c'est
60%
16 | 81 | 92 | +7 others dans
60%
23 | 27 | 150 | +2 others des
60%
1 DJ
60%
9 etre
60%
18 film
60%
44 haut
60%
117 | 118 he
60%
25 j'avoue
60%
224 | 235 j'suis
60%
97 | 121 | 126 | +4 others les
60%
65 | 93 | 168 | +2 others mes
60%
12 percé
60%
8 | 62 peut
60%
24 | 28 requins
60%
152 | 181 | 294 sur
60%
17 | 220 un
60%
20 Wes
60%
227 AMG
40%
129 | 271 au
40%
99 black
40%
259 ca
40%
127 | 269 cendres
40%
100 | 114 | 210 comme
40%
132 | 274 decembre
40%
154 | 296 dents
40%
142 | 284 d'l'argent
40%
232 drifts
40%
2 Durel
40%
50 écouté
40%
198 Elio
40%
51 | 158 | 300 en
40%
218 | 230 fait
40%
122 | 264 fumes
40%
267 gardé
40%
125 garder
40%
169 | 311 grands
40%
94 habits
40%
151 | 293 horloges
40%
176 j'connais
40%
84 j'effraye
40%
180 j'tire
40%
124 | 133 | 266 | 275 j'vais
40%
144 | 286 l'argent
40%
188 lévite
40%
179 limites
40%
86 mamie
40%
52 maths
40%
130 | 272 mois
40%
39 moment
40%
153 | 295 nos
40%
101 omar
40%
98 poumons
40%
91 retraite
40%
196 RIP
40%
201 surf
40%
102 sy
40%
85 ta
40%
135 | 277 tej
40%
140 | 147 | 282 | 289 temps
40%
89 toute
40%
41 va
40%
138 | 280 vent
40%
42 vers
40%
149 | 291 veut
40%
74 y
40%
223 10 000
20%
78 5
20%
68 50 000
20%
87 alors
20%
257 banquier
20%
255 coller
20%
47 compté
20%
160 | 302 c'qu'ils
20%
184 | 208 deux
20%
221 d'maille
20%
163 | 305 donc
20%
69 euros
20%
254 faire
20%
58 | 79 | 209 fois
20%
222 genre
20%
212 ils
20%
48 j'avais
20%
211 jimmy
20%
192 j'l'ai
20%
95 jm'enfume
20%
164 | 306 j'peux
20%
155 | 199 | 297 j'sais
20%
66 katons
20%
261 kiff
20%
80 l'cash
20%
204 l'ciel
20%
195 l'miel
20%
70 l'vendeur
20%
83 machine
20%
63 m'arreter
20%
77 meme
20%
185 mg
20%
108 | 112 | 243 | +2 others mon
20%
170 | 171 | 174 | +4 others nan
20%
161 | 213 | 303 ont
20%
186 puis
20%
64 | 76 | 215 quand
20%
40 qu'ça
20%
167 | 309 qu'c'est
20%
156 | 298 qu'ils
20%
88 qu'j'ai
20%
200 qu'tu
20%
162 | 304 raté
20%
72 remercie
20%
219 rentre
20%
75 repasse
20%
67 tapent
20%
166 | 308 t'dire
20%
193 trempé
20%
157 | 299 voient
20%
244 bif
0%
116 bois-d'arcy
0%
183 cali
0%
214 changer
0%
57 chaque
0%
234 citizen
0%
237 dedans
0%
59 devant
0%
205 faut
0%
55 feu
0%
109 gar-ci
0%
172 | 173 | 314 | 315 hey
0%
245 | 248 | 251 jamais
0%
53 j'crache
0%
242 j'fais
0%
110 jm'enferme
0%
60 l'inge
0%
247 | 250 | 253 l'prix
0%
103 poto
0%
240 pour
0%
206 qu'je
0%
105 qu'la
0%
15 qu'suis
0%
246 | 249 | 252 regardé
0%
207 repete
0%
233 saturn
0%
113 stud
0%
238 t'inquiete
0%
236 toujours
0%
106 vegetale
0%
Aucun quiz correspondant
Distribution des résultats
% des personnes avec chaque résultat
Percentile par nombre de réponses
Votre historique - résultats
Vous n’avez pas pris ce quiz